| 000 | 01119nam a22002537a 4500 | ||
|---|---|---|---|
| 999 |
_c65819 _d65819 |
||
| 005 | 20240530110844.0 | ||
| 008 | 201005s2020 ua a f b 000 0 ara d | ||
| 017 |
_a2019/8840 _bمصر. دار الكتب |
||
| 020 | _a9789777359634 | ||
| 040 |
_aEG-CaGPL _cEG-CaGPL |
||
| 082 | 0 | 4 |
_221 _a796.069/ _bح إ |
| 100 | 0 | _aحسين كريم حسون اللامى | |
| 245 | 1 | 0 |
_aاقتصاديات الرياضة : _bالاحتراف الرياضى والاستثمار والتسويق والرعاية الرياضية بين النظرية والتطبيق / _cحسين كريم حسون اللامى |
| 250 | _aط.1 | ||
| 260 |
_aالقاهرة : _bمؤسسة عالم الرياضة للنشر، _c2020. |
||
| 260 |
_aالقاهرة : _bدار الوفاء لدنيا الطباعة و النشر، |
||
| 300 |
_a260 ص. : _bايض ؛ _c24 سم. |
||
| 504 | _aيشتمل على ارجاعات ببليوجرافية | ||
| 650 | 0 | 7 |
_2qrmak _aالرياضة |
| 650 | 0 | 7 |
_2qrmak _aالرياضة _xاحوال اقتصادية |
| 651 | _2qrmak | ||
| 942 |
_2ddc _cBK |
||